000 00588nam a2200205 4500
001 VA77222
003 ES-SlBCS
005 20210327231219.0
008 150615s1970 sp ||||| |||| 00| 0 spa d
017 _aM-15667-1970
_bOficina Depósito Legal de Madrid
040 _aES-SlBCS
_bspa
_erdc
100 1 _aLarraz, José
_9224523
245 1 0 _aEsquema y teoría de la historia
_cJosé Larraz
260 _aMadrid :
_b[s.n.]
_c, 1970
300 _a391 p. ;
_c24 cm
504 _aBibliografía: p. 381-385
511 _aDedicado por el autor
650 0 4 _aHistoria
_92130
942 _2lcc
_cBK
999 _c852750
_d852750